000 00576nam a22001577a 4500
003 macl
005 20190807132234.0
008 190807b xxu||||| |||| 00| 0 eng d
040 _cmacl
082 _a891.433/BHA/S
100 _aअनिता भारती
_976146
245 _aयथास्‍थिति से टकराते हुए दलित स्‍त्री जीवन जुडी कहानियॉं
260 _aदिल्‍ली
_bलोकमित्र
_c2012
650 _aकहानियां
_976147
942 _2ddc
_cHIN
999 _c60675
_d60675